1436 1638 1934 1521 1364 1174 1291 1174 1514 1243 1970 1087 1687 1839 1922 1373 1898 1569 1672 1569 1808 1307 1374 1398 1680 1554 1392 1434 1824 1524 1059 1103 1910 1789 1763 1618 1099 1669 1407 1363 1709 1736 1558 1180 1442 1127 1602 1458 1904 1092 1604 1237 1635 1177 1974 1128 1457 1784 1033 1396 1669 1978 1754 1782 1683 1324 1584 1991 1467 1261 1709 1123 1254 1180 1871 1764 1099 1810 1177 1511 1466 1147 1395 1269 1306 1302 1920 1181 1333 1461 1938 1744 1967 1891 1145 1003 1237 1661 1289 BCNSPRNW ULIB Ver.6.0+V

เปลี่ยนเป็นภาษาไทย

Change to English
 แสดงรายละเอียดบรรณานุกรม
  กลับหน้าหลัก

Brief Record : Get Marc (ISO 2709) : E-mail record : QR code < ปิดหน้าต่าง
LEADER : 00000nam 2200000uu 4500
001    13399121469
003     ULIB
008    121120s2551||||th 000 0 tha d
020    ^a9789740596868
050 04 ^aTT890^bศ855ก
100 0  ^aเศรษฐพงศ์ อัปมะเย
245 10 ^aการประดิษฐ์พานรับน้ำ /^cเศรษฐพงศ์ อัปมะเย
250    ^aพิมพ์ครั้งที่ 1
260    ^aกรุงเทพฯ :^bวาดศิลป์,^c2551
300    ^a64 หน้า :^bภาพประกอบ ;^c26 ซม
440  0 ^aโครงการหนังสืออนุรักษ์และส่งเสริมศิลปวัฒนธรรมไทย
650  7 ^aการจัดดอกไม้
650  7 ^aการประดิษฐ์ด้วยใบตอง
650  7 ^aมาลัย
945    ^p160^l0^i16863
995    ^aวิภา
999 ^a ทศพร
รายการนี้ยังไม่มีแท็ก
คุณยังไม่ได้ล็อกอิน คุณสามารถมีกิจกรรมร่วมกับเว็บไซต์ได้ แต่ต้องล็อกอินก่อน ::
  ล็อกอิน

รายการสื่อสารสนเทศ

ลำดับที่ ประเภท เลขเรียก/บาร์โค้ด สถานที่ สถานะ
1. วิทยาศาสตร์การแพทย์ และสุขภาพ
วิทยาศาสตร์การแพทย์ และสุขภาพ
TT890 ศ855ก  
  Barcode: 16863
ห้องสมุดวิทยาเขตสวรรค์ประชารักษ์
►หนังสือทั่วไป
บนชั้น

รายการใกล้เคียง
    ผู้แต่ง [เศรษฐพงศ์ อัปมะเย]

    หัวเรื่อง [การจัดดอกไม้]
    หัวเรื่อง [การประดิษฐ์ด้วยใบตอง]
    หัวเรื่อง [มาลัย]

BibComment


ยังไม่เคยถูกคอมเมนท์

คอมเมนท์ทรัพยากรรายการนี้
  คอมเมนท์: การประดิษฐ์พานรั..


 Copyright 2026. Bcnsprnw @Library